000 01084nam a22002777a 4500
001 05916
003 HDC
007 cr bn ---aaaaa
008 210122b20022002xxu||||| |||| 00| 0 eng d
020 _a0415284872
040 _aHDC
100 _aWells, Rhona
_eauthor
_96245
245 0 _aPerfumery and cosmetic products utilising Geranium oil
_c/ Rhona Wells and Maria Lis-Balchin
260 _aUnited States:
_bTaylor & Francis,
_c2002
300 _a1 online resource (4 pages)
336 _atext
_2rdacontent
337 _acomputer
_2rdamedia
338 _aonline resource
_2rdacarrier
500 _aOriginally from: Geranium and pelargonium : the genera geranium and pelargonium, 2002 (pages 247-250)
_aIncludes bibliographical references
650 _aGeraniums
_xTherapeutic use
_96246
700 _aLis-Balchin, Maria
_ejoint author
_96247
856 _zRequest full-text at [email protected]
942 _2lcc
942 _cCHAP
942 _kEBCH 004206
999 _c3240
_d3240